Statistics for Shanghai Pudong Airport (PVG) International Destinations

Click here to take the quiz!

General Stats

  • This quiz has been taken 22 times
  • The average score is 56 of 91

Answer Stats

CountryCity% Correct
BelgiumBrussels
93%
AustraliaMelbourne
93%
JapanOsaka
93%
AustraliaSydney
93%
JapanTokyo (Haneda)
93%
JapanTokyo (Narita)
93%
AustriaVienna
93%
GreeceAthens
87%
HungaryBudapest
87%
United Arab EmiratesDubai
87%
GermanyFrankfurt
87%
FinlandHelsinki
87%
ItalyMilan
87%
RussiaMoscow
87%
GermanyMunich
87%
FranceParis
87%
Saudi ArabiaRiyadh
87%
ItalyRome
87%
South KoreaSeoul (Incheon)
87%
CanadaToronto
87%
CanadaVancouver
87%
United Arab EmiratesAbu Dhabi
80%
NetherlandsAmsterdam
80%
ThailandBangkok (Don Mueang)
80%
ThailandBangkok (Suvarnabhumi)
80%
EgyptCairo
80%
DenmarkCopenhagen
80%
QatarDoha
80%
IndonesiaJakarta
80%
MalaysiaKuala Lumpur
80%
PhilippinesManila
80%
AustraliaPerth
80%
RussiaSaint Petersburg
80%
United StatesSan Francisco
80%
SingaporeSingapore
80%
EthiopiaAddis Ababa
73%
New ZealandAuckland
73%
VietnamHanoi
73%
TurkeyIstanbul
73%
United KingdomLondon (Gatwick)
73%
United KingdomLondon (Heathrow)
73%
United StatesLos Angeles
73%
SpainMadrid
73%
United KingdomManchester
73%
United StatesNew York City
73%
IranTehran
73%
IsraelTel Aviv
73%
AustraliaBrisbane
67%
South KoreaBusan
67%
PhilippinesCebu
67%
JapanHiroshima
67%
VietnamHo Chi Minh City
67%
MaldivesMalé
67%
JapanNagoya
67%
ThailandPhuket
67%
JapanSapporo
67%
RussiaVladivostok
67%
SwitzerlandZurich
67%
Sri LankaColombo
60%
IndonesiaDenpasar
60%
South KoreaJeju
60%
NepalKathmandu
60%
CambodiaPhnom Penh
60%
United StatesSeattle
60%
BruneiBandar Seri Begawan
53%
United StatesDallas/Fort Worth
53%
JapanNagasaki
53%
ThailandChiang Mai
47%
JapanFukuoka
47%
MyanmarYangon
47%
AustraliaCairns
40%
United StatesDetroit
40%
JapanNaha
40%
MalaysiaPenang
40%
South KoreaDaegu
33%
MalaysiaKota Kinabalu
33%
CambodiaSiem Reap
33%
RussiaNovosibirsk
27%
JapanOkayama
27%
VietnamPhu Quoc
20%
JapanKomatsu
13%
VietnamNha Trang
13%
JapanNiigata
13%
JapanSaga
7%
JapanTakamatsu
7%
JapanAsahikawa
0%
PhilippinesCaticlan
0%
JapanIbaraki
0%
PhilippinesKalibo
0%
JapanShizuoka
0%
JapanToyama
0%

Score Distribution

Percentile by Number Answered

Percent of People with Each Score

Your Score History

You have not taken this quiz